|
|
|
|
| LEADER |
01078nam a2200241 a 4500 |
| 001 |
4767275 |
| 008 |
100222s1985 bg b 000 0 eng d |
| 010 |
|
|
|a 85905022
|
| 040 |
|
|
|a DLC
|c DLC
|d DLC
|d BD-DhAAL
|
| 082 |
0 |
0 |
|a 305.4/09549/2
|2 19
|
| 100 |
1 |
|
|a Quddus, Md. Abdul,
|d 1947-
|
| 245 |
1 |
0 |
|a Rural women in households in Bangladesh :
|b with a case-study of three villages in Comilla /
|c Md. Abdul Quddus, M. Solaiman, M. Rezaul Karim.
|
| 260 |
|
|
|a Comilla :
|b Bangladesh Academy for Rural Development,
|c 1985.
|
| 300 |
|
|
|a ii, 91 p. ;
|c 23 cm.
|
| 504 |
|
|
|a Includes Bibliography (p. [83]-88.)
|
| 541 |
1 |
|
|e 00002690
|
| 650 |
|
0 |
|a Rural women
|z Bangladesh
|z Comilla (District)
|x Case studies.
|
| 650 |
|
0 |
|a Rural women
|z Bangladesh
|x Case studies.
|
| 700 |
0 |
|
|a Mohammad Solaiman.
|
| 700 |
1 |
|
|a Karim, Md. Rezaul
|q (Muhammad Rezaul),
|d 1945-
|
| 852 |
4 |
|
|a Ayesha Abed Library
|j General shelf
|
| 999 |
|
|
|c 7921
|d 7921
|
| 952 |
|
|
|0 0
|1 0
|2 ddc
|4 0
|6 305_409549200000000_QUD_1985
|7 0
|9 8884
|a BRACUL
|b BRACUL
|c GEN
|d 2010-03-30
|g 35.00
|l 1
|o 305.4095492 QUD
|p 3010002690
|r 2013-03-20
|s 2013-01-21
|t 1
|w 2010-03-30
|y BK
|